01210cam a22002895i 4500999001700000001000900017003000900026005001700035008004100052020001800093040003800111082002000149100003200169245004500201264004100246300004400287336002600331337002800357338002700385504005100412520020100463650005100664653002300715655002400738942001200762952014600774 c28493d2846412752716EG-ScBUE20200716171159.0020424s2003 maua f b 001 0 eng d a9780631226246 aDLCbengerdacDLCdDLCdEG-ScBUE04a807.11bSHO2221 aShowalter, Elaine,eauthor.10aTeaching literature /cElaine Showalter. 1aMalden, MA :bBlackwell Pub.,c2003. aix, 166 pages :billustrations ;c23 cm atextbtxt2rdacontent aunmediatedbn2rdamedia avolumebnc2rdacarrier aIncludes bibliographical references and index. aThe author shares memories from throughout her decades of teaching literature to undergraduate classes, offering insights and instructions on teaching anxieties, theories, methods, and practices.  7aLiteraturexStudy and teaching (Higher)2BUEsh bHHUUEENNcJuly2020 vReading book934232 2ddccBB 00102ddc40708BaccahaMAINbMAINc2NDd2020-07-16ePurchaseg134.00l0o807.11 SHOp000049388r2025-07-15 00:00:00v167.50w2020-07-16yBB